000 01164nam a2200289 a 4500
001 BRCA_2701
005 20190320203929.0
008 031208s1887----sp-#---###---#000-0#spa-u
041 _aspa
044 _asp
084 _a208
_bG66
_c1887
100 1 _aCervantes Saavedra, Miguel de
_d1547-1616
_9213
245 1 0 _aEl Ingenioso Hidalgo Don Quijote de la Mancha
_ccompuesto por Miguel de Cervantes Saavedra.
260 _aMadrid
_bJosé Góngora
_c1887
300 _a395 p.
_c17 cm.
500 _aContenido : Dedicatoria del autor. Prólogo del autor. Versos preliminares. Texto
500 _aEdición económica, de tipos pequeños y difícil lectura. Semipiel; lomera decorada con adornos dorados Lúdovik Osterc
500 _aEstado físico : La edición presenta la portada semidesprendida
500 _aQM202
650 1 4 _aNovela española
_yÉpoca clásica, 1500-1700
_9215
650 1 4 _aLiteratura española
_yÉpoca clásica, 1500-1700
_9216
650 1 4 _aNovela española
_ySiglo XVII
_9217
650 1 4 _aDon Quijote (Personaje ficticio)
_eNovela
_9218
740 0 _aEl Ingenioso Hidalgo Don Quijote de la Mancha
902 _aQFM
942 _2lcc
_cB
999 _c2441
_d2441